| 000 | 00555nam a2200181 a 4500 | ||
|---|---|---|---|
| 005 | 20140310183143.0 | ||
| 008 | 020819s19uu xx 00 eng d | ||
| 020 | _a9780735612938 | ||
| 050 |
_aQA 76.76.O63 _b.M427 2001 |
||
| 245 |
_aMCSE training kit : _cMicrosoft Windows 2000 advanced server clustering services / |
||
| 260 |
_aUSA : _bMicrosoft Press, _c2001. |
||
| 300 |
_a435 p. : _c26 cm. |
||
| 521 | _aIT | ||
| 650 | _aOperating systems ( Computers) | ||
| 650 | _aMicrosoft windows ( computer file) | ||
| 942 |
_cBK _2lcc _kFOR |
||
| 999 |
_c19464 _d19464 |
||